000 00761nam a2200277Ia 4500
003 OSt
005 20221007111053.0
006 a|||||r|||| 00| 0
007 ta
008 221006b |||||||| |||| 00| 0 eng d
024 _a22,505
037 _cTextual
040 _aLCO
_cLCO
_beng
041 _2eng
_aeng
082 _aX724:(Z), L4
100 _aGupta Rup Ram
245 0 _aIncome Tax
_b Law and Practice
250 _a33th
260 _aAgra
_bMira Prakashan India
_c1974
300 _a548
500 _aIncluding the law relating to Wealth Tax and Gift Tax
650 _aINCOME TAX
700 _a Gupta Vishnu Saran
942 _hX724:(Z), L4
_cTEXL
999 _c1192068
_d1192068